Представление документа в формате RUSMARC

ПолеНазваниеЗначение
  Тип записи a
  Библиографический уровень a
001 Контрольный номер RU/CBS_UL/BASE/560886025
005 Дата корректировки 20260313170111.5
100 Данные общей обработки __
a Данные общей обработки 20171009d2017 ||| 0rusy0189 ca
101 Язык документа 0_
a Язык текста rus
102 Страна публикации __
a Страна публикации RU
105 Кодированные данные (монография) __
a Кодированные данные (монография) y###||||000|y
200 Заглавие и сведения об ответственности 1_
a Заглавие Пять этажей рая
b Общее обозначение материала Текст
e Сведения, относящиеся к заглавию [об истории и реновации московских хрущёвок]
f Первые сведения об ответственности В. Эрлихман
300 Общие примечания __
a Общие примечания Ограничения по возрасту -16+
461 Уровень набора _0
1 2000
a Гала Биография
463 Уровень физической единицы _0
1 2000
a № 9
v С. 94-102 : фото
1 2101
d 2017
1 001RU/CBS_UL/BASE/559844844
600 Персоналии _0
a Персоналии (Фамилия) Посохин
b Персоналии (Имя, инициалы) М. В.
600 Персоналии _0
a Персоналии (Фамилия) Хрущёв
b Персоналии (Имя, инициалы) Н. С.
606 Тематические рубрики 0_
a Основная рубрика Многоквартирные дома - СССР
610 Ключевые слова 0_
a Ключевые слова хрущёвки
610 Ключевые слова 0_
a Ключевые слова пятиэтажки
610 Ключевые слова 0_
a Ключевые слова многоквартирные дома
610 Ключевые слова 0_
a Ключевые слова жилищное строительство
610 Ключевые слова 0_
a Ключевые слова жилищное строительство в СССР
610 Ключевые слова 0_
a Ключевые слова строительство хрущёвок
610 Ключевые слова 0_
a Ключевые слова реновация хрущёвок
686 Индексы других классификаций __
a Классификационный индекс 38.711.2
2 Код системы ББК
700 Автор _1
a Фамилия Эрлихман
b Имя (инициалы) В.
801 Источник записи _0
a Страна RU
b Организация МБУК ЦБС г. Ульяновска
c Дата составления 20171009
g Правила каталогизации RCR
801 Источник записи _1
a Страна RU
b Организация МБУК ЦБС г. Ульяновска
c Дата составления 20171009
g Правила каталогизации RCR
901 Тип документа __
t Тип документа b
w Контрольный № источника RU/CBS_UL/BASE/559844844
910 Корректоры записи __
a Корректор записи Библиотека 7
938 Служебная информация __
a Имя БД period